000 00569nam 22001813 4500
001 199727
090 _a199727
100 _a20260106d u||y0pory50 ba
200 _aSociologia da educação
_fP. W. Musgrave
_gtradução Maria das Mercês Figueiral Justo, José Manuel Mota
205 _a
210 _aLisboa
_cFundação Calouste Gulbenkian
_dimp.1984
215 _a452, [3] p.
_cBrochado
_d23 cm
606 _95170
_aCiências Sociais Educação
675 _a37
_vPT
_zpor
700 _915520
_aMusgrave
_bP. W.
801 _aPT
_bBMMN
_gRPC
830 _cAna
_fAna
990 _cLIVROS